Szocializációs terepek Sopachuyban

Dolgozatom szocializációs tereket mutat be egy bolíviai andoki faluban, Sopachuyban megélt tapasztalatok alapján, ahol önkéntesként egy évig dolgoztam a Comedor Popular Infantil (Népi gyermekétkezde) koedukált kollégiumában. Az állami iskolától függetlenül működő intézmény (1) apácák vezetésével két...

Teljes leírás

Elmentve itt :
Bibliográfiai részletek
Szerző: Pataki Annamária
Dokumentumtípus: Cikk
Megjelent: 2010
Sorozat:Iskolakultúra 20 No. 11
Online Access:http://misc.bibl.u-szeged.hu/42360
LEADER 01329nab a2200181 i 4500
001 misc42360
005 20191106140606.0
008 180706s2010 hu o 0|| zxx d
022 |a 1215-5233 
040 |a SZTE Miscellanea Repozitórium  |b hun 
041 |a zxx 
100 1 |a Pataki Annamária 
245 1 0 |a Szocializációs terepek Sopachuyban  |h [elektronikus dokumentum] /  |c  Pataki Annamária 
260 |c 2010 
300 |a 58-91 
490 0 |a Iskolakultúra  |v 20 No. 11 
520 3 |a Dolgozatom szocializációs tereket mutat be egy bolíviai andoki faluban, Sopachuyban megélt tapasztalatok alapján, ahol önkéntesként egy évig dolgoztam a Comedor Popular Infantil (Népi gyermekétkezde) koedukált kollégiumában. Az állami iskolától függetlenül működő intézmény (1) apácák vezetésével két „célközösségnek” épült: járásbeli gyerekeknek, akik a falu communidadjaiban (2) laknak, szállást és étkezést biztosít, második otthonként szolgál (mintegy ötvenes létszámnak), másrészt a falu gyermekeinek, akik itt írják a házi feladatukat, itt étkeznek, egyfajta napközi funkciót lát el (szintén ötvenen vannak). „Itt” (Comedor) a gyerekek máshogy élnek, mint „ott” (otthon). 
856 4 0 |u http://misc.bibl.u-szeged.hu/42360/1/7_EPA00011_iskolakultura_2010-11.pdf  |z Dokumentum-elérés